000 03681cam a2200397 i 4500
001 768714001
003 CO-MdFUSB
005 20220429150708.0
007 ta
008 081020t2008 gaua b 001 0 eng
010 _a 2008043700
020 _a9781573120784 (hardback : alk. paper)
020 _a1573120782 (hardback : alk. paper)
040 _aDLC
_beng
_cCO-MdFUSB
_dYDXCP
_dCO-MdFUSB
_dPRK
_dBTCTA
_dC#P
_dXPQ
_dOCLCA
_dOCLCF
_dFPD*
_erda
041 _aeng
082 _223
_a226.407
_bV788
100 1 _aVinson, Richard Bolling,
_d1957-
_eautor
245 1 0 _aLuke
_c/ Richard B. Vinson.
264 1 _aMacon, Ga. :
_bSmyth and Helwys Publishing,
_c[2008]
264 4 _c© 2008
300 _a792 páginas. :
_bilustraciones. ;
_c27 cm.
336 _2rdacontent
_atexto
_btxt
337 _2rdamedia
_asin mediación
_bn
338 _2rdacarrier
_avolumen
_bnc
490 1 _aThe Smyth & Helwys Bible commentary.
504 _aIncluye referencias bibliográficas (páginas. 761 -769) e índices.
505 _aIntroducción - Historias de la natividad, parte 1, Lucas 1 - Historias de la natividad, parte 2, Lucas 2 - El ministerio de Juan, el bautismo de Jesús, Lucas 3 - Tentación: dos sábados, dos sinagogas, Lucas 4 - Reuniendo discípulos, Lucas 5 - Elegir doce: Sermón en la llanura, Lucas 6 - Identidad profética, Lucas 7 - Parábolas, milagros y reacciones, Lucas 8 - Comenzar el viaje a la cruz, Lucas 9 - Misioneros y amos de casa, Lucas 10 - Sobre la oración: reacciones negativas a Jesús, Lucas 11 - Enseñanzas sobre hipocresía, posesiones y servidumbre, Lucas 12 - Juicio, arrepentimiento y esperanza, Lucas 13 - Simposio de Jesús, Lucas 14 - Tres parábolas de encontrar , Lucas 15 - Sobre posesiones, Lucas 16 - Dichos duros, Lucas 17 - Sobre oración y posesiones, Lucas 18 - Entrando a Jerusalén, Lucas 19 - Jesús en el templo: confrontación, Lucas 20 - Jesús en el templo : predicción, Lucas 21 - La Cena, traición y arresto, Lucas 22 - El juicio, Crucifixión, muerte y entierro, Lucas 23 - La Resurrección, Lucas 24.
520 _a"El Evangelio de Lucas narra la vida de Jesús desde las historias de la natividad, hasta el bautismo y la tentación de Jesús, el ministerio en Galilea, el viaje y la enseñanza en Jerusalén, y finalmente su muerte y resurrección. En su atractiva guía para el relato de Lucas, Richard Vinson acompaña a los lectores en su propio viaje convincente: un viaje a través de la vida de Cristo visto a través de los lentes de la erudición crítica y la cultura contemporánea. Como resultado, no podemos apartarnos de los mensajes principales de Lucas: las buenas nuevas del Reino de Dios y Jesús 'enseñanzas enfáticas sobre la riqueza y la pobreza, el arrepentimiento y el perdón, y el papel de la mujer en el ministerio de Jesús ... el objetivo principal de la serie de Comentarios Bíblicos de Smyth & Helwys es poner a disposición estudios bíblicos serios y creíbles en un entorno accesible y menos intimidante formato. Una generación visual de creyentes merece una serie de comentarios que contenga no solo los comentarios textuales más importantes sobre las Escrituras, sino también imágenes, fotografías, mapas, obras de arte ne arte y dibujos que dan vida al texto. Cada volumen de la serie de comentarios bíblicos Smyth & Helwys presenta un CD-ROM, que amplía aún más los usos y capacidades del comentario "- Descripción de la editorial.
563 _aRústico
630 7 _aBiblia.
_vLucas
_xCrítica, interpretación, etc.
830 0 _aSmyth & Helwys Bible commentary.
942 _cREF
945 _aJTF-925
999 _c66252
_d66252